Troquelado y estampación (Record no. 105236)

MARC details
000 -LEADER
campo de control de longitud fija 00629nam a2200181 4500
001 - NÚMERO DE CONTROL
campo de control 105236
003 - IDENTIFICADOR DE NÚMERO DE CONTROL
campo de control ES-MaACL
005 - FECHA Y HORA DE LA ÚLTIMA TRANSACCIÓN
campo de control 20230906183823.0
007 - CAMPO FIJO DE DESCRIPCIÓN FÍSICA--INFORMACIÓN GENERAL
campo de control de longitud fija t|
008 - DATOS DE LONGITUD FIJA--INFORMACIÓN GENERAL
campo de control de longitud fija 060620s1954 sp af |||| | spa d
080 ## - NÚMERO DE LA CLASIFICACIÓN DECIMAL UNIVERSAL
Número de la Clasificación Decimal Universal 621.983/.984
100 1# - ENTRADA PRINCIPAL--NOMBRE DE PERSONA
Nombre de persona López Navarro, Tomás.
9 (RLIN) 73823
245 10 - MENCIÓN DEL TÍTULO
Título Troquelado y estampación
Resto del título : con aplicaciones al punzonado, doblado, embutición y extrusión /
Mención de responsabilidad, etc. Tomás López Navarro.
260 ## - PUBLICACIÓN, DISTRIBUCIÓN, ETC.
Lugar de publicación, distribución, etc. Barcelona :
Nombre del editor, distribuidor, etc. Gustavo Gili,
Fecha de publicación, distribución, etc. 1954 (
Fabricante Sociedad Alianza de Artes Gráficas)
300 ## - DESCRIPCIÓN FÍSICA
Extensión 289 p., lám. I-XIV :
Otras características físicas il. ;
Dimensiones 27 cm.
650 04 - PUNTO DE ACCESO ADICIONAL DE MATERIA--TÉRMINO DE MATERIA
Término de materia o nombre geográfico como elemento de entrada Metales-
Subdivisión general Trabajo.
9 (RLIN) 15015
852 ## - LOCALIZACIÓN
Ubicación ES-MaACL
Número de control de estantería C-8603
Holdings
Estatus retirado Estado de pérdida Estado de daño No para préstamo Biblioteca de origen Biblioteca actual Ubicación en estantería Fecha de adquisición Fuente de adquisición Total de préstamos Signatura topográfica completa Código de barras Visto por última vez Precio de reemplazo Tipo de ítem Koha
        Biblioteca del Ateneo de Madrid Biblioteca del Ateneo de Madrid Sala Palomar 17/01/2008     C-8603 1109866 23/02/2023 23/02/2023 Libro impreso